Historické zkušenosti s plněním maastrichtského kurzového kritéria

V českom mediálnom priestore opakovanie zaznievajú názory, že by Česká republika mohla i bez konkrétneho plánu na prijatie eura vstúpiť do mechanizmu výmenných kurzov ERM II a konečne tak začať plniť i posledné z maastrichtských konvergenčných kritérií. Je to ale naozaj také jednoduché? Čo skutočne...

Descrizione completa

Salvato in:
Dettagli Bibliografici
Autore principale: Arnoštová, Kateřina
Natura: Capitolo di libro
Lingua:ceco
Soggetti:
Tags: Aggiungi Tag
Nessun Tag, puoi essere il primo ad aggiungerne!!

MARC

LEADER 00000naa a2200000 4500
001 0314680
005 20260202122301.9
041 0 |a cze 
044 |a CZ 
245 1 0 |a Historické zkušenosti s plněním maastrichtského kurzového kritéria  |c Kateřina Arnoštová 
520 |a V českom mediálnom priestore opakovanie zaznievajú názory, že by Česká republika mohla i bez konkrétneho plánu na prijatie eura vstúpiť do mechanizmu výmenných kurzov ERM II a konečne tak začať plniť i posledné z maastrichtských konvergenčných kritérií. Je to ale naozaj také jednoduché? Čo skutočne obnáša plnenie kurzového kritéria a ako ho plnili štáty, ktoré do eurozóny vstúpili v minulosti? Bola ich situácia, čo sa týka kurzového režimu pred vstupom do ERM II, porovnateľná s kurzovým režimom v ČR? Odpovede na tieto otázky autorka hľadá v konvergenčných správach Európskej komisie, ktoré pravidelne posudzujú pripravenosť eurokandidátskych krajín na vstup do eurozóny. 
610 2 0 |a euro 
610 2 0 |a kurz výmenný 
610 2 0 |a konvergencia 
610 2 0 |a režim kurzový 
610 2 0 |a eurozóna 
610 2 0 |a Európska komisia 
610 2 0 |a Česko 
100 1 |a Arnoštová, Kateřina